000
00252nam a22001217a 4500
082
_a
823
_b
RAG/K
100
_a
VAMSHA, RAGHU
245
_a
KALIDAS
260
_a
DELHI
_b
S.CHAND & CO
_c
1986
300
_a
114
650
_a
ENGLISH STORY
_z
INDIA
942
_c
BK
999
_c
7267
_d
7267